| 000 -ლიდერი |
| ფიქსირებული სიგრძის საკონტროლო ველი |
01216nam a22001817a 4500 |
| 003 - საკონტროლო ნომრის იდენტიფიკატორი |
| საკონტროლო ველი |
Ge_BSU |
| 005 - ბოლო ოპერაციის თარიღი და დრო |
| საკონტროლო ველი |
20230703172557.0 |
| 008 - ფიქსირებული სიგრძის მონაცემთა ელემენტები - ზოგადი ინფორმაცია |
| ფიქსირებული სიგრძის საკონტროლო ველი |
230703s1941ge xxu||||| |||| 00| 0 geo d |
| 041 ## - ენის კოდი |
| Language code of text/sound track or separate title |
geo |
| 080 ## - უნივერსალური ათობითი კლასიფიკაციის ინდექსი |
| Universal Decimal Classification number |
94(479.22)(093) გ-34 |
| 245 ## - ცნობა სათაურის შესახებ |
| Title |
გეორგიკა. : |
| Remainder of title |
ბიზანტიელი მწერლების ცნობები საქართველოს შესახებ : ტ. 4. ნაკვ.1 / |
| Statement of responsibility, etc |
ბერძნული ტექსტი ქართული თარგმანითურთ გამოსცა და განმარტებები დაურთო სიმონ ყაუხჩიშვილმა. |
| 264 ## - წარმოების, გამოცემის, დისტრიბუციის და სხვა ცნობები |
| გამოცემის, წარმოების, დისტრიბუციის... ადგილი |
თბილისი, |
| გამოცემის, წარმოების, დისტრიბუციის... თარიღი |
1941. |
| 300 ## - ფიზიკური აღწერა |
| Extent |
120 გვ.: |
| Other physical details |
20 სმ. |
| 600 ## - SUBJECT ADDED ENTRY--PERSONAL NAME |
| Personal name |
ყაუხჩიშვილი, სიმონ |
| Fuller form of name |
მთარგმნელი |
| 9 (RLIN) |
19159 |
| 653 ## - INDEX TERM--UNCONTROLLED |
| Uncontrolled term |
საქართველოს ისტორია | ბიზანტიელ მწერალთა ცნობები | ისტორიული |
| 856 ## - ELECTRONIC LOCATION AND ACCESS |
| Uniform Resource Identifier |
http://dspace.gela.org.ge/bitstream/123456789/7420/1/Georgika%20t.4-1941.pdf |
| Link text |
ელექტრონული ვერსია |
| 942 ## - ADDED ENTRY ELEMENTS (KOHA) |
| Source of classification or shelving scheme |
|
| Koha item type |
წიგნი |